| 000 | 00710nam a22002057a 4500 | ||
|---|---|---|---|
| 001 | 32320 | ||
| 003 | BD-RjUL | ||
| 005 | 20211209051821.0 | ||
| 008 | 140426r19611956enk 000 0 eng d | ||
| 035 | _a(BD-RjUL)32409 | ||
| 040 |
_aBD-RjUL _beng _cBD-RjUL |
||
| 041 | _aeng | ||
| 082 |
_a121 _bPAK V-1 1961 |
||
| 100 | 1 |
_aPaton, H. J. _998327 |
|
| 245 |
_aKant's metaphysic of experience : _ba commentary on the first half of the Kritik der reinen vernunft / _cby H. J. Paton. _nVolume One |
||
| 260 |
_aLondon ; _aNew York : _bGeorge Allen ; _bMacmillan, _cc1956 [Impression 1961]. |
||
| 300 |
_a585 p. ; _c22 cm. |
||
| 600 | 0 |
_aKant, Immanuel, _d1724-1804. _xKritik der reinen Vernunft. _998445 |
|
| 942 |
_2ddc _cBK |
||
| 999 |
_c32320 _d32320 |
||